Mathematical aspects of physics : an introduction /

Gespeichert in:
Bibliographische Detailangaben
1. Verfasser: Bitter, Francis (VerfasserIn)
Format: Buch
Sprache:Englisch
Veröffentlicht: London : Heinemann educational books, 1964
Ausgabe:[1st ed.]
Schriftenreihe:Science study series
Schlagworte:
Online-Zugang: Volltext
Tags: Tag hinzufügen
Keine Tags, Fügen Sie den ersten Tag hinzu!

MARC

LEADER 00000cam a2200000 4500
003 SK-BrCVT
005 20220617222410.0
008 070410s1964 xxk e ||||||eng d
035 |a CVTIDW1406459 
040 |b slo  |a CVTI SR  |e AACR2 
041 0 |a eng 
044 |a xxk 
080 |a 53:51  |2 UDC-MRF 
100 1 |a Bitter, Francis  |4 aut 
245 1 0 |a Mathematical aspects of physics :  |b an introduction /  |c Francis Bitter 
250 |a [1st ed.] 
260 |a London :  |b Heinemann educational books,  |c 1964 
300 |a 8, 188 s., príl. :  |b fotogr., grafy, obr., tab. ; 
490 1 |a Science study series  |3 1406455 
653 1 |a matematika  |a fyzika 
910 |b A191017 
974 |f Knihy 
992 |a AMG 
999 |c 151145  |d 151145